Japan at the brink

Saved in:
Bibliographic Details
Main Author: Matsushita, Konosuke
Format: Book
Language:Undetermined
Published: Tokyo Kodansha International 1976
Subjects:
Tags: Add Tag
No Tags, Be the first to tag this record!
Institutions: Trung tâm Học liệu Trường Đại học Cần Thơ
LEADER 00516nam a2200193Ia 4500
001 CTU_96661
008 210402s9999 xx 000 0 und d
082 |a 338.952 
082 |b M425 
100 |a Matsushita, Konosuke 
245 0 |a Japan at the brink 
245 0 |c Konosuke Matsushita, Charles S. Terry 
260 |a Tokyo 
260 |b Kodansha International 
260 |c 1976 
650 |a Economic policy 
650 |z Japan 
904 |i Hiếu 
980 |a Trung tâm Học liệu Trường Đại học Cần Thơ